| 000 | 00419nam a2200169 a 4500 | ||
|---|---|---|---|
| 005 | 20140414132109.0 | ||
| 008 | 100902s19uu xx 00 eng d | ||
| 020 | _a | ||
| 050 |
_aM 362.713 _bB35 2007 |
||
| 100 | _aBerger, Melvin | ||
| 245 | _aNow I know washing up. | ||
| 260 |
_aNew York : _bScholastic , _c2007. |
||
| 440 | _aNow I know | ||
| 650 |
_aProper hygiene _x |
||
| 650 |
_a _x _x |
||
| 999 |
_c114672 _d114672 |
||